| 000 | 00461nam a22001817a 4500 | ||
|---|---|---|---|
| 003 | SISC | ||
| 005 | 20160301130542.0 | ||
| 008 | 130722t xxu||||| |||| 00| 0 eng d | ||
| 020 | _a9789810191313 | ||
| 050 |
_aQ 181 _b.F254 2007 |
||
| 100 | _aFatt, Chan Kim | ||
| 245 |
_aScience Adventure 1 / _cChan Kim Fatt. |
||
| 260 |
_aSingapore: _bmarshall. _cc2007. |
||
| 300 |
_a298 p. : _bcol. ill. ; _c28 cm. |
||
| 562 | _e1 | ||
| 942 |
_2lcc _cBK |
||
| 999 |
_c115772 _d115772 |
||